[Event "Aktobe U14 op"]
[Site "Aqtobe"]
[Date "2022.06.18"]
[Round "7"]
[White "Izbassar, Zhanali"]
[Black "Savitskiy, Vladimir"]
[Result "1-0"]
[WhiteElo "1593"]
[BlackElo "1293"]
[PlyCount "203"]
[EventDate "2022.06.14"]
[EventType "swiss"]
[EventRounds "9"]
[EventCountry "KAZ"]
[SourceTitle "EXT 2023"]
[Source "ChessBase"]
[SourceDate "2022.10.05"]
[SourceVersion "1"]
[SourceVersionDate "2022.10.05"]
[SourceQuality "1"]

1. e4 c5 2. Nc3 Nc6 3. Bc4 g6 4. h4 Bg7 5. Nf3 e6 6. Nb5 d6 7. c3 Nge7 8. h5 a6 9. h6 Bf6 10. Na3 b5 11. Bb3 d5 12. Qe2 c4 13. e5 Nxe5 14. Nxe5 cxb3 15. axb3 Bb7 16. Nxb5 0-0 17. Na3 Qc7 18. d4 Bxe5 19. Qxe5 Qxe5+ 20. dxe5 d4 21. 0-0 dxc3 22. bxc3 Rac8 23. c4 Nf5 24. Bg5 Rc5 25. g4 Nd4 26. f4 Rc7 27. b4 Bf3 28. Kf2 Bxg4 29. Rg1 Bh5 30. Rg3 Be2 31. c5 Rb8 32. Rb1 Kf8 33. Re3 Bg4 34. Rd3 Rd7 35. c6 Rd5 36. Ke3 Nf5+ 37. Kd2 Rxd3+ 38. Kxd3 Ne7 39. Bxe7+ Kxe7 40. Rc1 Bf3 41. c7 Rc8 42. b5 axb5 43. Nxb5 Kd7 44. Nd6 Rxc7 45. Rxc7+ Kxc7 46. Nxf7 g5 47. fxg5 Bg4 48. Nd6 Bh5 49. Ke4 Bg6+ 50. Kf4 Kd7 51. Nc4 Ke7 52. Ne3 Kf7 53. Ng2 Bb1 54. Nh4 Bc2 55. Kg4 Bd3 56. Ng2 Be4 57. Nf4 Bc2 58. Kh4 Be4 59. Kg4 Bc2 60. Kf3 Bf5 61. Ke3 Bb1 62. Kd4 Bc2 63. Kc5 Bb1 64. Kd6 Bc2 65. g6+ hxg6 66. Nxe6 g5 67. Nxg5+ Kg6 68. h7 Kg7 69. e6 Ba4 70. e7 Be8 71. Ke6 Ba4 72. Kd6 Be8 73. Kc7 Kh8 74. Kd8 Bh5 75. Kd7 Bg6 76. Ke6 Be8 77. Kf6 Ba4 78. Kg6 Bc2+ 79. Kh6 Bg6 80. Nf3 Bf7 81. Nd2 Be8 82. Nc4 Bf7 83. Nb2 Be8 84. Nd1 Bf7 85. Nf2 Be8 86. Nh3 Bf7 87. Ng1 Be8 88. Ne2 Bf7 89. Nc3 Be8 90. Nd5 Bf7 91. Nf6 Be8 92. Ne4 Bf7 93. Nd6 Be8 94. Kg5 Ba4 95. Kg6 Be8+ 96. Kh6 Bg6 97. Nc4 Bf7 98. Nb6 Bg6 99. Nc8 Bf7 100. Nd6 Bg6 101. Kg5 Kxh7 102. Kf6 1-0